00562nam a22002057a 450000500170000001000110001702000100002803500110003803700160004904000120006508200130007710000190009024500710010926000350018027000350021530000250025050000410027565000160031665000240033220170124110147.0 a392617 c00.00 a392617 bCen Lib/Ret aDPLbEN a137bKAH aKahn, Jack H.  aHuman growth and the development of personality /cby Jack H. Kahn aOxford bPergamon Press c1965 bOxford a4 & 5 fitzroy square  axvi, 220p.c17cm(Hb) aIncludes bibliographical references  aPsychology  aHuman personality